00908nam a2200229 a 450000100100000000500170001000800410002702000180006804000250008608200150011110000310012624500560015726000470021330000200026049000260028050000700030659000270037650001130040383000320051695201130054899900170066100004878320201002061415.0190412s2016 dr 000 0 spa d a9788460879206 aDO-SdBNPbspacBNPHU axxxbS582r1 aSilfa Bor, Bernardo97623710aReiteración del síndrome /cBernardo Silfa Bor. aEspaña :bSolenodontebMínimas,c2016. a64 p. ;c21 cm.1 aEdiciones de ACUDEBI; aIncluye datos biografícos del autor en la solapa de la portada. aInventariado, 2019/ YL aLa Asociación Cultural y de Cooperación al Desarrollo de la Biblioteca República Dominicana (ACUDEBI). 0aEdiciones de ACUDEBI976232 0010718PDaPDbPDcCTd2019-04-12iLF1l0oxxx S582rp48783-10r2020-06-25w2020-06-25yLFPDZNo se presta c48271d48271